000 00760cam a2200253u 4500
001 7457
003 BD-RjUL
005 20211208234421.0
008 140115s1966 nyu 000 0 eng
035 _a(BD-RjUL)7500
040 _aDLC
_cCarP
_dDLC
_dBD-RjUL
_beng
041 _aeng
082 0 4 _a300
_bNOA 1966
100 1 _aNormanton, E. L. [from old catalog]
_923294
245 1 4 _aThe accountability and audit of governments :
_bA comparative study /
_cE. L. Normanton.
260 _aNew York :
_bPraeger,
_c[1966]
300 _aXV, 452 p. ;
_c23 cm
504 _aIncludes index.
650 0 _aAuditing.
_923295
650 0 _aFinance, Public
_xAccounting. [from old catalog]
_923296
942 _2ddc
_cBK
999 _c7457
_d7457